Geographical Management System & Sustainable Development/ (Record no. 190263)

MARC details
000 -LEADER
fixed length control field 00547nam a22001817a 4500
005 - DATE AND TIME OF LATEST TRANSACTION
control field 20220721115446.0
010 ## - LCCN (DPL NO)
LC control number ENG-133782
020 ## - INTERNATIONAL STANDARD BOOK NUMBER
International Standard Book Number 9789387833104
Terms of availability 195.00
035 ## - SYSTEM CONTROL NUMBER
System control number EN-117314
037 ## - SOURCE OF ACQUISITION
Source of stock number/acquisition DBAD/PUB
082 ## - DEWEY DECIMAL CLASSIFICATION NUMBER
Classification number 528.9
100 ## - MAIN ENTRY--PERSONAL NAME
Personal name Das, Nikhilesh
245 ## - TITLE STATEMENT
Title Geographical Management System & Sustainable Development/
Statement of responsibility, etc Nikhilesh Das
260 ## - PUBLICATION, DISTRIBUTION, ETC. (IMPRINT)
Place of publication, distribution, etc Kolkata
Name of publisher, distributor, etc Parul Prakashani Pvt Ltd
Date of publication, distribution, etc 2018
270 ## - ADDRESS
Address 8/3, Chintamoni Das Lane
City Kolkata
Postal code 799001
300 ## - PHYSICAL DESCRIPTION
Extent 103p.
Dimensions 22cm(hb)
942 ## - ADDED ENTRY ELEMENTS (KOHA)
Source of classification or shelving scheme Dewey Decimal Classification
Item type English Books
Classification part 528.9
Call number suffix DAS
Holdings
Withdrawn status Lost status Not for loan Collection code Home library Current library Date acquired Source of acquisition Cost, normal purchase price Full call number Barcode Copy number Cost, replacement price Koha item type
      Non-fiction Bawana Bawana 21/07/2022 DBAD/PUB 195.00 528.9 DAS EN-117314 1 195.00 English Books

© Delhi Public Library
Hit Counter
free hit counter